000 00256nam a2200109Ia 4500
008 190216s9999||||xx |||||||||||||| ||und||
100 _aEalam Kunnan Kunjan Pillai
245 0 _aLeela Thilakam
260 _bNbs Kottayam
650 _aKavithkal
942 _cBK
999 _c23844
_d23844